Normal view
MARC view
- Religión y ciencia
Entry Materia
001 - NÚMERO DE CONTROL DEL REGISTRO
- campo de control: 8057
003 - IDENTIFICADOR DE NUMERO DE CONTROL
- campo de control: UPN
005 - FECHA Y HORA DE LA ÚLTIMA TRANSACCIÓN
- campo de control: 20240503155910.0
008 - DATOS DE LONGITUD FIJA
- campo de control de longitud fija: 240503n| acnnnbabn | a|a |d
035 ## - NÚMERO DE CONTROL DEL SISTEMA
- Número de control del sistema: UPN10000008062
040 ## - FUENTE DE LA CATALOGACIÓN
- Lengua de catalogación: spa
- Agencia de transcripción: MX-MxUPN
- Centro catalogador de origen: MX-MxUPN
150 ## - ENCABEZAMIENTO - TEMÁTICO
- Término de materia o nombre geográfico como elemento inicial: Religión y ciencia
450 ## - VÉASE - MATERIA
- Encabezamiento temático: Ciencia y religión
670 ## - FUENTE EN LA QUE SE LOCALIZARON DATOS
- Cita de la fuente: E
670 ## - FUENTE EN LA QUE SE LOCALIZARON DATOS
- Cita de la fuente: LEMB, 1998:
- Información localizada: página 910 (Religión y ciencia)
902 ## - CATALOGADOR
- Catalogador: CAA/141096
